How many do you know? Musical instruments - Statistics

General Stats
  • This quiz has been taken 99 times
  • The average score is 13 of 20
Answer Stats
Picture Answer % Correct
Piano
97%
Clarinet
95%
Guitar
95%
Violin
95%
Electric guitar
94%
Saxophone
94%
Triangle
94%
Cello
93%
Harmonica
93%
Xylophone
93%
Trumpet
92%
Recorder
91%
Trombone
91%
Harp
90%
Tuba
89%
Bagpipes
88%
French horn
88%
Gong
87%
Maracas
85%
Accordion
84%
Bongo drums
82%
Cymbals
81%
Banjo
78%
Cowbell
71%
Double bass
69%
Pan flute
68%
Bass drum
67%
Tambourine
65%
Bassoon
64%
Piccolo
64%
Glockenspiel
59%
Sitar
59%
Lute
57%
Ukulele
56%
Lyre
52%
Bugle
51%
Mandolin
47%
Balalaika
28%
Didgeridoo
28%
Castanets
27%
Electronic keyboard
27%
Conga drum
26%
Melodica
23%
Djembe
19%
Hurdy-gurdy
19%
Ratchet
14%
Cabasa
11%
Guzheng
6%
Ghatam
4%
Kulintang
3%
No matching quizzes found
Score Distribution
Percent of People with Each Score
Percentile by Number Answered
Your Score History
You have not taken this quiz